[Event "RUS-Cup2"]
[Site "Moscow"]
[Date "1996.??.??"]
[Round "5"]
[White "Yandemirov, Valeri"]
[Black "Chekhov, Valery A"]
[Result "0-1"]
[WhiteElo "2465"]
[BlackElo "2535"]
[Annotator "Chekhov,V"]
[PlyCount "58"]
[EventDate "1996.11.28"]
[EventType "swiss"]
[EventRounds "9"]
[EventCountry "RUS"]
[SourceTitle "CBM 056 Extra"]
[Source "ChessBase"]
[SourceDate "1997.03.01"]
[SourceVersion "1"]
[SourceVersionDate "1997.03.01"]
[SourceQuality "1"]

1. e4 c5 2. Nf3 Nc6 3. Bb5 d6 4. d4 cxd4 5. Qxd4 Bd7 6. Bxc6 Bxc6 7. Nc3 Nf6 8.
Bg5 e6 9. O-O-O Be7 10. Rhe1 O-O 11. Qd2 (11. Kb1 $5) 11... Qb6 $5 (11... Qc7
$5) (11... h6 $5) 12. Nd4 Rfc8 (12... Rfd8 13. Kb1 Rac8 14. f3 Qa6 15. g4 b5
16. Nce2 $1 Bd7 17. Ng3 Rc4 18. Nh5 Ra4 19. Nb3 Rc8 20. Bxf6 Bxf6 21. Nxf6+
gxf6 22. Qxd6 $18 {Nevednichy,B-Nasybullin,V/Pavlodar/1987/1|0/56/}) 13. f3 (
13. f4 $6 h6 14. h4 Qd8 15. Nf3 b5 16. Bxf6 Bxf6 17. Qxd6 Bxh4 18. Qe5 Qe7 19.
Nxh4 Qxh4 20. g3 Qh2 $15 {Bojkovic,N-Alexandria,N/Tivat/1995/0|1/42/}) 13...
Be8 14. Kb1 Rc4 15. Nce2 $1 Rac8 16. h4 a5 17. g4 a4 18. Ng3 $2 (18. c3 $1 a3
19. b3 R4c7 $132) 18... d5 $1 19. Qe3 (19. e5 Bb4 20. Qe3 Nd7 $17) (19. Nh5 Ba3
20. b3 Nxh5 21. gxh5 Bb4 $19) 19... Rb4 20. b3 axb3 21. Nxb3 (21. cxb3 Bc5 22.
Qc3 Bxd4 (22... Rc4 $19) 23. Qxc8 Rxb3+ 24. Kc2 Rb2+ 25. Kd3 e5 26. exd5 Qa6+
27. Qc4 Bb5 $19) (21. axb3 Bc5 $19) 21... Qc7 22. Qd2 Rc4 (22... Qxg3 $5 23. e5
Qxf3 $6 (23... Rbc4 24. exf6 Bb4 $19) 24. Rf1 Qxg4 25. exf6 $13) 23. e5 Bb4 24.
Qe3 Nd7 $19 25. Re2 Rxc2 26. Nh5 $6 (26. Rc1 Rxc1+ 27. Qxc1 Qxc1+ 28. Bxc1 Nb6
$19) 26... Rxe2 27. Qxe2 Qxe5 28. Qb5 f6 29. Bf4 (29. Qxb4 Bg6+ $19) 29... Bg6+
0-1

[Event "USA-ch"]
[Site "Long Beach"]
[Date "1993.??.??"]
[Round "4"]
[White "Yermolinsky, Alex"]
[Black "Shabalov, Alexander"]
[Result "1/2-1/2"]
[WhiteElo "2605"]
[BlackElo "2590"]
[Annotator "Donev,I"]
[PlyCount "59"]
[EventDate "1993.12.??"]
[EventType "tourn"]
[EventRounds "11"]
[EventCountry "USA"]
[EventCategory "14"]
[SourceTitle "CBM 039"]
[Source "ChessBase"]
[SourceDate "1994.04.01"]
[SourceVersion "1"]
[SourceVersionDate "1994.04.01"]
[SourceQuality "1"]

1. e4 {Bulletin} c5 2. Nf3 d6 3. d4 cxd4 4. Qxd4 a6 5. Be3 Nc6 6. Qd2 Nf6 7.
Nc3 e6 8. O-O-O b5 9. e5 $5 dxe5 (9... Ng4 10. exd6 Nxe3 11. Qxe3 $16) 10.
Qxd8+ Nxd8 11. Nxb5 $3 axb5 12. Bxb5+ Bd7 (12... Nd7 13. Nxe5 Rxa2 14. Kb1 Ra5
15. Bxd7+ Bxd7 16. Nxd7 $16) 13. Rxd7 $1 Nxd7 14. Rd1 Ra5 (14... Rxa2 $6 15.
Rxd7 Ra1+ (15... Ra5 16. Rxd8+ Kxd8 17. Bb6+ Kc8 18. Bxa5 f6 19. b4 $16) 16.
Kd2 Bb4+ 17. c3 Ba5 18. Bc5 $18) 15. Bxd7+ Ke7 16. Bb6 (16. c4 $1 f6 17. Bb6 (
17. Kb1 $5 e4 18. Nd4 $14) (17. Kb1 $5 {Bulletin}) 17... Rxa2 18. Kb1 Ra6 19.
c5 Ra8 20. c6 (20. Bb5 $1 $16) 20... Nf7 21. c7 Nd6 22. Rxd6 Kxd6 23. c8=Q Rxc8
24. Bxc8 Be7 25. Ba6 Rb8 26. Be3 $14) 16... Rd5 17. Rxd5 exd5 18. Nxe5 Ne6 (
18... f6 $4 19. Bc5# (19. Bxd8+ $1 {Bulletin} Kxd8 20. Nf7+ Kxd7 21. Nxh8 Ke6
22. c3 {and by the time the Black king picks off the knight, the queenside
pawns will be airborne.}) (19. Nc6+ $2 Kxd7 20. Nxd8 Be7 {and the knight
cannot escape.})) (18... Kd6 19. Bxd8 Kxe5 20. a4 Bc5 21. Bc7+ Kf6 22. a5 $5 (
22. f3 $16) 22... Bxf2 23. b4 $16) 19. Bb5 $14 g6 20. a4 Bg7 21. Nc6+ Kd6 22.
a5 Rc8 23. Na7 (23. a6 $5 Rxc6 24. a7 Rc8 25. Ba6 Re8 26. Bb7 $14) 23... Ra8
24. Ba4 (24. b4 Bc3 25. Nc6 Rc8 26. Na7 Ra8 27. Nc6 Rc8 28. Na7 $10) 24... Nc5
(24... Bd4 25. Nb5+ Ke5 26. Nxd4 Nxd4 27. c3 Ne6 28. Bc6 $16) 25. Nb5+ Kc6 $8
26. Nd4+ Kd6 $8 27. Nb5+ Kc6 28. Na7+ Kd6 29. Nb5+ (29. Bb5 $5) 29... Kc6 30.
Na7+ 1/2-1/2

[Event "Belfort"]
[Site "Belfort"]
[Date "1997.??.??"]
[Round "7"]
[White "Relange, Eloi"]
[Black "Kosten, Anthony C"]
[Result "1-0"]
[WhiteElo "2505"]
[BlackElo "2530"]
[Annotator "Donev,I"]
[PlyCount "53"]
[EventDate "1997.10.??"]
[EventType "tourn"]
[EventRounds "10"]
[EventCountry "FRA"]
[EventCategory "13"]
[SourceTitle "CBM 062"]
[Source "ChessBase"]
[SourceDate "1998.01.31"]
[SourceVersion "1"]
[SourceVersionDate "1998.01.31"]
[SourceQuality "1"]

1. Nf3 {Petursson HarZvi,R} c5 2. e4 Nc6 3. Bb5 d6 4. d4 cxd4 5. Qxd4 Bd7 6.
Bxc6 Bxc6 7. Nc3 Nf6 8. Bg5 e6 9. O-O-O Be7 10. Qd3 O-O 11. Nd4 Qa5 (11... Qc7
$5 {HarZvi,R}) 12. h4 (12. f4 {HarZvi,R} Rfc8 (12... Rfd8 $5) 13. f5 b5 (13...
Bd7 14. Nb3 $1 Qe5 15. Rhf1 $1 $16 Rxc3 16. bxc3 Rc8 17. Qd4 Qb5 18. Bxf6 gxf6
19. Qe3 $18 {Vescovi,G-Dvoirys,S/Groningen 1994}) 14. fxe6 fxe6 15. Nxe6 b4 16.
Bxf6 Bxf6 17. Nd5 Be5 18. Kb1 $16 {Polgar,J-Shirov,A/Las Palmas 1994/60/203 
[Shirov,A]}) 12... Rfc8 (12... Rfd8 $142) (12... Rfd8 {HarZvi,R} 13. g4 Qc7 14.
Rhg1 d5 15. exd5 Nxd5 16. Bxe7 Qxe7 17. g5 Nxc3 18. Qxc3 Bd5 $15 {Polgar,
J-Anand,V/Monaco (rapid) 1994/60/(203)}) 13. f3 (13. f4 {HarZvi,R} Rab8 14. f5
b5 15. fxe6 fxe6 16. Kb1 b4 17. Nxc6 Rxc6 18. Ne2 h6 19. Qb3 $1 Qe5 20. Nd4 $18
{Kamsky,G-Shirov,A/Monaco (blind) 1995}) 13... Be8 14. g4 b5 15. Kb1 (15. Ndxb5
Rab8 {ist für Weiß sehr gefährlich.}) 15... b4 16. Nce2 Qc7 {otherwise black
has no play on the Queen's side,but this is a lost of some time} 17. Rhg1 a5 (
17... h6 {HarZvi,R} 18. Bxf6 $1 Bxf6 19. g5 Bxd4 (19... hxg5 20. hxg5 Be7 21.
g6) 20. Nxd4 $40) 18. Nf4 a4 (18... h6 {HarZvi,R} 19. Bxh6 gxh6 20. g5 hxg5 (
20... Nd7 21. gxh6+ Kh8 22. Qd2 $1 {[%cal Gd2g2]} Nf6 23. Qg2 Bf8 24. h7 $1 {
[%cal Gg2g8]} Kxh7 25. Nh5 $18) (20... Nh7 21. g6 fxg6 (21... Nf6 22. gxf7+
Kxf7 23. Nfxe6 {[%csl Rc7][%cal Gg1g7]}) (21... Nf8 22. gxf7+ Kxf7 23. Nf5 $40)
22. Nxg6 Bxg6 23. Rxg6+ Kh8 24. Nxe6 $40) 21. hxg5 Nd7 22. g6 $40) 19. Nh5 {
Petursson: This important idea of transferring the knight to h5 was probably
seen first in the game Campora-Ilic,Z/Lugano op/1983. In that game the Black
rooks were on b8 and d8 and the White queeen on d2.} Qd8 {Harzvi: this is
really the begining of the game.white decides to open black defence with a two
pieces sacrifise Donev: In solch scharfen Stellungen, in denen beide Seiten
verschiedene Rochaden gemacht haben, ist es von sehr großer Bedeutung, wer
zuerst den gegnerischen König aufmachen wird, und die Initiative erlangt. Wie
wir im Partieverlauf sehen werden, können die beiden weißen Springeropfer die
Stellung am Königsflügel öffnen. Damit bekommt der Anziehende Schwung für den
Königsangriff.} (19... Nxh5 {HarZvi,R} 20. gxh5 {[%cal Gg1g8]}) 20. Nxg7 {
Das erste Opfer.} (20. Nxf6+ Bxf6 21. Bxf6 Qxf6 22. g5 Qd8 23. h5 $40) 20...
Kxg7 21. Nf5+ {Das zweite Opfer.} exf5 (21... Kh8 $2 {HarZvi,R} 22. Nxe7 Qxe7
23. Qxd6 $18 Qxd6 24. Bxf6+) ({Das zweite Geschenk konnte man auch ablehnen,
aber nach:} 21... Kg8 22. Qe3 $1 {Petursson} (22. Qd4 {here there is one nice
variation to show black has his play here} b3 23. cxb3 axb3 24. a3 (24. Nxe7+
$2 Qxe7 25. Bxf6 Qc7 26. Qc3 Qa7 27. Qxb3 Ba4 $19 (27... Ba4 {HarZvi,R} 28. Qa3
Bc2+ $1 29. Ka1 Qb6 $19 30. Qxd6 Qxd6 31. Rxd6 Rxa2+ 32. Kxa2 Ra8+ 33. Ra6
Rxa6#)) 24... e5 25. Qe3 {gefolgt von h5 ist die Sache ebenfalls nicht
ungefährlich für Schwarz.}) 22... exf5 23. gxf5 Kh8 24. Qd4 {transposes to the
game}) (21... Kf8 {HarZvi,R} 22. Qe3 $1 {[%cal Gg5h6]} exf5 23. Bh6+ Kg8 24.
gxf5+) 22. gxf5 Kh8 23. Qd4 h6 $2 (23... h5 $2 {!HarZvi,R: this is my second
big question for white,since the difference here is that for example in one of
the varioations in the game after white played Rg8 he has Qg1 with mate,and
with the pawn on h5 black has the solid Ng4!I think that after this move black
is just winning} 24. Rd2 $1 b3 25. Rdg2 {Der weiße Angriff ist entscheidend.}
bxc2+ 26. Kc1 Kh7 (26... Bb5 27. Bxf6+ Bxf6 28. Rg5 $3 $18 {[%cal Yg5h5]}) 27.
Bxf6 Bxf6 28. Rg7+ $1 $18) (23... b3 $142 $1 24. Bh6 (24. cxb3 h5 $1 {
kritische Fortsetzung.} (24... axb3 {Petursson} 25. Bh6 bxa2+ 26. Ka1 Ba4 27.
Rde1 Bb3 28. Bg7+ Kg8 29. Bxf6+ Kf8 30. Rg8+ $3 Kxg8 31. Bxe7 Qxe7 32. Rg1+ Kf8
33. Qh8#)) 24... bxc2+ 25. Kc1 cxd1=Q+ 26. Kxd1 $11 {gegen das Dauerschach Lg7/
Lh6 gibt es kein Entrinnen.}) 24. Bxh6 b3 25. cxb3 axb3 26. Rg8+ $3 Kh7 (26...
Kxg8 27. Qg1+ $18) 27. Rdg1 (27. Rdg1 bxa2+ 28. Ka1 Bf8 29. Rxf8 $1 $18 (29.
Bxf8 Rc1+ 30. Rxc1 Kxg8 (30... Kxg8 {HarZvi,R} 31. Bh6)) 29... Qe7 (29... Ra4 {
Petursson} 30. Qd2 $18) 30. Rfg8 Qe5 31. R1g7+ Kxh6 32. Qe3+ Kh5 33. Qg5#) 1-0

[Event "Astrakhan FIDE GP"]
[Site "Astrakhan"]
[Date "2010.05.19"]
[Round "9"]
[White "Alekseev, Evgeny V"]
[Black "Gashimov, Vugar"]
[Result "1/2-1/2"]
[WhiteElo "2700"]
[BlackElo "2734"]
[Annotator "Erenburg,S"]
[PlyCount "73"]
[EventDate "2010.05.10"]
[EventType "tourn"]
[EventRounds "13"]
[EventCountry "RUS"]
[EventCategory "20"]
[SourceTitle "CBM 137"]
[Source "ChessBase"]
[SourceDate "2010.07.15"]
[SourceVersion "1"]
[SourceVersionDate "2010.07.15"]
[SourceQuality "1"]

1. e4 c5 2. Nf3 d6 3. d4 cxd4 4. Qxd4 Bd7 $5 {Black is striving for a more
complicated game, so, he does not allow White to exchange the minor pieces.
The drawback of this move is, that Black can not play e7-e6, since in this
case his bishop on d7 will become misplaced. So, now it is clear that Black is
going to fianchetto his dark-squared bishop.} ({The main line is} 4... Nc6 5.
Bb5 Bd7 6. Bxc6 Bxc6 7. Nc3 Nf6 8. Bg5 e6 {, where usually Black solves his
opening problems.}) 5. Be2 {White is not in rush to define his pawn structure,
but first completes his development.} ({In recent games, White has tried to
set up the Maroczy structure immediately with} 5. c4 Nc6 6. Qd1 (6. Qd2 $5 Nf6
7. Nc3 g6 8. b3 Bg7 9. Bb2) 6... g6 7. Be2 Bg7 8. O-O Nf6 9. Nc3 O-O ({It was
worth consideration to get rid of the bishop with} 9... Bg4) 10. h3 $1 Rc8 11.
Be3 a6 12. Rc1 Re8 13. Re1 Be6 14. Ng5 Qa5 15. Nxe6 fxe6 16. a3 $14 {1/2-1/2
Zvjaginsev,V (2635)-Naiditsch,A (2685)/Ohrid MKD 2009/The Week in Chess 779 
(29)}) ({White also can choose to keep the c-pawn unmoved:} 5. Be3 Nc6 6. Qd2
g6 7. Nc3 (7. c4 Nf6 8. Nc3 Ng4 9. Bg5 Bg7 10. Be2 O-O 11. O-O Qa5 $13) 7...
Bg7 8. Bd3 Nf6 9. h3 O-O 10. O-O Qa5 11. a3 Rfd8 12. Rfd1 Rac8 13. Rab1 Be8 14.
Qe1 Ne5 15. Nxe5 dxe5 16. Bf1 e6 17. Rxd8 Rxd8 18. Nd5 Qxe1 19. Nxf6+ Bxf6 20.
Rxe1 a6 $14 {/= 1/2-1/2 Zvjaginsev,V (2635)-Grachev,B (2652)/Dagomys RUS 2009/
The Week in Chess 753 (106)}) 5... Nc6 6. Qe3 {This is probably the best
position for the queen. White protects his central pawn and takes control over
the important b6-square.} g6 7. O-O Bg7 8. c4 {Normally in the Sicilian Black
is trying to carry out the d6-d5 breakthrough in the centre or develop an
initiative by pushing the pawns on the queenside. Thus, the idea of this
advance is to prevent Black's counterplay. Now we have a typical position from
the Maroczy: White has some space advantage, whereas Black has a strong
dark-squared bishop and will seek to undermine White's centre.} (8. h3 {
deserved attention. Now Black can not exchange his light-squared bishop, which
is passive in this type of pawn structure.} Nf6 9. c4 O-O 10. Nc3 {and White
can strengthen his position gradually, since the centre is closed.}) 8... Bg4
$1 $146 {Getting rid of the passive bishop.} ({White kept some pressure after} 
8... Nf6 9. h3 O-O 10. Nc3 Be6 11. Rd1 Nd7 12. Rb1 Qb6 13. Nd5 Qxe3 14. Bxe3
$14 {1/2-1/2 Fridman,R (2351)-Kohlweyer,B (2455)/Recklinghausen 2000/EXT 2001})
9. Rd1 {Covering the d4-square and preparing to play c4-c5.} Qc8 $6 {Black had
to move his queen away, but, the question is whether the c8-square is the best.
} ({Black's pieces are extremely active, so it was worth considering} 9... Qb6
$5 10. Qxb6 ({After} 10. Nc3 Qxe3 11. Bxe3 Bxc3 12. bxc3 Nf6 $15 {Black is
simply better, thanks to a superior pawn structure.}) (10. Qb3 $142 $5 Bxf3 (
10... Qxb3 $140 11. axb3 Bxf3 12. Bxf3 Nd4 13. Rd3) 11. Bxf3 Nd4 12. Qa4+ Qc6
13. Qxc6+ bxc6 $11) 10... axb6 {and now White's queenside is paralysed. If} 11.
Nc3 (11. Na3 $4 Rxa3) {then} 11... Bxc3 $1 12. bxc3 Nf6 $15) 10. Nc3 Bxf3 11.
Bxf3 Ne5 {That was the idea behind 9...Qc8. Black is attacking White's c4-pawn,
but his kingside is underdeveloped, which gives White some chances.} 12. b3 (
12. c5 {does not buy much, in view of} Qxc5 (12... dxc5 13. Be2 Nf6 14. f4 $36)
13. Qxc5 dxc5 14. Nb5 Kf8 $1) {If White stabilises the situation, he'll be
slightly better, thanks to a space advantage. So, Black has to act immediately:
} 12... b5 $1 13. Bb2 $6 {Probably, after this natural move Black solves all
his opening problems at once.} ({It seems that White should be able to pose
some problems for Black, but, the analysis shows that Black can hold the
position in event of} 13. Be2 bxc4 14. h3 $1 (14. Bb2 {leads to the game})
14... Nf6 $1 (14... cxb3 15. axb3 Nf6 (15... Nf3+ $2 16. Bxf3 Qxc3 17. Rxa7 $18
) 16. f4 $16) 15. f4 Nd3 16. bxc4 $1 Nxc1 17. Raxc1 {It is quite difficult to
believe that White can be better after giving up on his dark-squared bishop,
but the activity of White's pieces does promise him a slight advantage.} O-O
18. c5 (18. e5 $5 Qe6 19. c5 dxe5 (19... dxc5 $2 20. Qf2 Ne8 21. Nd5 $18 {
[%cal Ye2g4]}) 20. Qxe5 $14) 18... Qxc5 19. Qxc5 dxc5 20. e5 $14) 13... bxc4
14. Be2 Nf6 15. Na4 {Creating the threat of capturing the e5-knight.} (15. Rac1
O-O 16. Na4 Qe6 {leads to the game.}) 15... Qe6 $1 {Protecting the e5-knight
and moving the queen away from the c-file.} (15... cxb3 {Vugar had a good
reason not to be greedy in this position, since after} 16. Bxe5 dxe5 17. Bb5+
Kf8 18. axb3 $16 {[%csl Re5,Rg7] White's advantage is significant.}) 16. Rac1 (
16. f4 {is parried easily by} Nd3 17. Bxd3 cxd3 $11) 16... O-O (16... cxb3 {
was not worth the risk again:} 17. Bb5+ Kf8 18. axb3 $44 {[%cal Yc1c7]}) 17.
Bxc4 Nxc4 18. Rxc4 Ng4 $11 {Black has solved all his opening problems. Despite
White's pawn majority on the queenside, the activity of Black's pieces provide
him with sufficient compensation.} (18... Rfc8 19. Rxc8+ Rxc8 20. f3 $11 {
[%cal Yd1c1,Ge3a7]}) 19. Qe2 Bxb2 20. Nxb2 Rac8 21. h3 ({There is no way to
complicate the position. In the event of} 21. Ra4 Rc7 {[%cal Yf8c8] , only
Black can be better.}) 21... Ne5 22. Rcc1 {Obviously, White does not give up
on the only open file.} Qf6 (22... Rxc1 23. Rxc1 Rc8 {was good enough for draw.
}) 23. Qd2 {Covering the dark squares and intending to play f2-f4 in the near
future.} g5 $1 {[%cal Ye5g6,Yg6f4]} 24. Nd3 $1 Nxd3 25. Qxd3 h6 {A good
prophylactic move, which protects the g5-pawn.} 26. Qe3 a5 27. Qe2 ({White
could have forced a draw with} 27. Rd5 Qb2 28. Rcd1 (28. Rxc8 $2 Rxc8 29. Rxa5
Rc3 $36) 28... Qxa2 29. Rxg5+ hxg5 30. Qxg5+ $11) 27... Qe5 28. Rc2 e6 29. Rdc1
Rxc2 30. Qxc2 Kg7 31. Rd1 Rb8 32. Qc7 Rb4 {The position is absolutely drawish,
so, now that everything is exchanged, the game is over.} 33. Qxd6 Qxd6 34. Rxd6
a4 35. f3 axb3 36. axb3 Rxb3 37. Kh2 1/2-1/2

[Event "Moscow5"]
[Site "Moscow"]
[Date "1991.??.??"]
[Round "?"]
[White "Borkowski, Franciszek"]
[Black "Shirov, Alexei"]
[Result "0-1"]
[WhiteElo "2390"]
[BlackElo "2610"]
[Annotator "Ernst,T"]
[PlyCount "65"]
[EventDate "1991.05.??"]
[EventType "tourn"]
[EventRounds "11"]
[EventCountry "URS"]
[EventCategory "10"]
[SourceTitle "CBM 026"]
[Source "ChessBase"]
[SourceDate "1992.02.01"]
[SourceVersion "1"]
[SourceVersionDate "1992.02.01"]
[SourceQuality "1"]

1. e4 {Boensch} c5 2. Nf3 d6 3. d4 cxd4 4. Qxd4 Nc6 5. Bb5 Bd7 6. Bxc6 Bxc6 7.
Nc3 Nf6 8. Bg5 e6 9. O-O-O Be7 10. Qd3 $5 {Ein neuer, interessanter Zug, der
in letzter Zeit oft in russischen Turnieren gespielt wurde.} (10. Rhe1 {Boensch
} O-O 11. Qd3 {N} Qc7 12. Nd4 Rfd8 13. f3 a6 14. h4 $13 {Svidler-Ernst
Kopenhagen 1991 - Inf.52/188}) 10... O-O (10... Qa5 $5 {Boensch}) 11. Nd4 Qc7
12. f4 Rfd8 13. h4 Rab8 14. f5 e5 15. Bxf6 (15. Nde2 {Boensch} d5 $1) 15...
Bxf6 16. Nde2 b5 17. g4 b4 18. Nd5 Bxd5 19. Qxd5 Rbc8 20. Rd2 h6 21. Ng1 Qb6
22. Nf3 Rc5 23. Qd3 d5 $1 24. exd5 (24. Rhd1 {Boensch} d4 25. g5 Rc3 26. Qe2
$13) 24... Rcxd5 25. Qe2 (25. Qxd5 Rxd5 26. Rxd5 Qe3+ 27. Nd2 Bxh4 $17) 25...
Qa5 26. Qc4 b3 27. Rxd5 Rxd5 28. Qxb3 e4 29. c4 (29. g5 exf3 30. gxf6 Qd2+ $19)
29... Rd3 30. Qc2 Rxf3 31. g5 hxg5 32. Qxe4 g4 33. Qxg4 0-1

[Event "Malmo"]
[Site "Malmo"]
[Date "1994.??.??"]
[Round "6"]
[White "Epishin, Vladimir"]
[Black "Ahlander, Bjorn"]
[Result "1-0"]
[WhiteElo "2675"]
[BlackElo "2415"]
[Annotator "Ernst,T"]
[PlyCount "107"]
[EventDate "1994.06.??"]
[EventType "tourn"]
[EventRounds "9"]
[EventCountry "SWE"]
[EventCategory "12"]
[SourceTitle "CBM 042"]
[Source "ChessBase"]
[SourceDate "1994.10.01"]
[SourceVersion "1"]
[SourceVersionDate "1994.10.01"]
[SourceQuality "1"]

1. e4 c5 2. Nc3 e6 3. Nf3 d6 4. d4 cxd4 5. Qxd4 a6 6. Bg5 Nc6 (6... Qc7 7.
O-O-O f6 (7... Nf6 8. e5 (8. Bxf6 gxf6 9. Qxf6 Rg8 $44) 8... dxe5 9. Nxe5 Be7
10. Nc4 $14 {Belikov-Obukhov/RSFSR-ch/1990/}) 8. Bh4 Nh6 9. Qd2 Nf7 $13 {
Ciric-Summermatter/Bern op/1990/}) 7. Qd2 Nf6 8. O-O-O Be7 9. Kb1 O-O 10. h4 $1
b5 11. Bd3 Bb7 12. h5 Rc8 13. h6 $14 g6 14. Qf4 Nd7 15. Bxe7 Qxe7 16. Be2 e5 (
16... Nde5 $14) 17. Qd2 Nf6 18. Qxd6 b4 19. Qxe7 Nxe7 20. Nd5 Nexd5 21. exd5
Bxd5 22. Nxe5 Bxg2 23. Rhe1 a5 24. Bc4 $1 Rc7 25. f4 Re8 26. b3 Kf8 27. Kb2 Bh3
28. a3 Nh5 29. axb4 axb4 30. Nd3 $16 Rb8 31. Nf2 Bf5 32. Rd4 Nf6 33. Bd3 Rc5
34. Re5 Rxe5 35. fxe5 Ng8 36. Bxf5 gxf5 37. Rd6 f4 38. Rd4 $18 Ke7 39. Rxf4
Nxh6 40. Nd3 Rb5 41. Rh4 Rb6 42. Nxb4 Nf5 43. Nd5+ Ke6 44. Rh5 Rb8 45. c4 h6
46. b4 Rg8 47. b5 Rg3 48. b6 Rg8 49. Rxf5 $1 Rg2+ 50. Kc3 Rg3+ 51. Ne3 Rxe3+
52. Kd4 Rb3 53. Rf6+ Ke7 54. Rxh6 1-0

[Event "Dos Hermanas"]
[Site "Dos Hermanas"]
[Date "1996.05.23"]
[Round "3"]
[White "Polgar, Judit"]
[Black "Topalov, Veselin"]
[Result "0-1"]
[WhiteElo "2675"]
[BlackElo "2700"]
[Annotator "Ftacnik,L"]
[PlyCount "73"]
[EventDate "1996.05.21"]
[EventType "tourn"]
[EventRounds "9"]
[EventCountry "ESP"]
[EventCategory "19"]
[SourceTitle "CBM 053"]
[Source "ChessBase"]
[SourceDate "1996.08.01"]
[SourceVersion "1"]
[SourceVersionDate "1996.08.01"]
[SourceQuality "1"]

1. e4 c5 2. Nf3 d6 3. d4 cxd4 4. Qxd4 Bd7 5. c4 Nc6 6. Qd2 g6 7. b3 (7. Be2 Bg7
8. O-O Nf6 9. Nc3 O-O 10. Rb1 a6 11. b3 Qa5 12. Bb2 Rfc8 13. Rfd1 Bg4 14. Qe3
Nd7 15. Nd5 Bxb2 16. Rxb2 Bxf3 17. Bxf3 e6 18. Nc3 Rd8 19. Rbd2 Nde5 20. Be2
Nb4 21. h4 b5 22. cxb5 axb5 23. Nxb5 Nbc6 24. a3 {1-0 Anand,V-Kasparov,G/
Moscow PCA-Intel GP 25'/1995/ (28)}) 7... Bg7 8. Nc3 Nf6 9. Bb2 Bg4 10. Be2 O-O
11. h3 (11. O-O a6 12. h3 Bxf3 13. Bxf3 Nd7 14. Be2 Nc5 15. Rfe1 Qa5 16. Bf1
Rab8 17. Rad1 b5 18. Ba1 Rfd8 19. Rb1 e6 20. f3 b4 21. Ne2 Bxa1 22. Rxa1 Qb6
23. Kh1 e5 24. Red1 Ne6 25. a3 bxa3 26. Rxa3 {Gorelov,S-Chiburdanidze,M/
Moscow-ch (15)/1981/1-0 (79)}) 11... Bxf3 12. Bxf3 Nd7 13. O-O (13. Nd5 Bxb2
14. Qxb2 e6 15. Nc3 Nde5 $15) 13... Qa5 14. Rab1 Rfd8 15. Rfc1 $6 (15. Rfd1 a6)
15... a6 16. a3 Bf6 $5 17. Bg4 (17. b4 Qg5) 17... e6 18. b4 Qg5 $1 (18... Qc7
19. Nd5 (19. f4 $5) 19... exd5 20. cxd5 Bxb2 21. Rxb2) 19. f4 (19. Qxg5 Bxg5
20. Rd1 Nce5 21. Be2 Nb6 22. c5 Nbc4 $15) 19... Qh6 20. Ne2 (20. Rd1 Nb6 21.
Be2 Nd4 $15) 20... Nde5 21. Rc2 (21. b5 axb5 22. cxb5 Na5 23. Bxe5 dxe5 24. Qc3
Qg7 $15) 21... Nxg4 22. hxg4 Bxb2 23. Rbxb2 Qh4 24. g5 (24. b5 axb5 25. cxb5
Nb8 26. Rb3 Qxg4 $17) 24... e5 25. b5 $2 (25. Rb1 exf4 26. Qxf4 Qxf4 27. Nxf4
Ne5 28. Nd5 b5 $10) 25... axb5 26. cxb5 Nd4 $1 27. Nxd4 (27. Rc7 Nxe2+ 28. Qxe2
Rxa3 $19) 27... exd4 28. Rb3 (28. Qxd4 Qxf4 (28... Rxa3 29. Qd2 Ra4 $17) 29.
Rc7 d5 $19) 28... Re8 29. g3 (29. Qxd4 Qxf4 $17) 29... Qg4 30. Qxd4 Ra4 $1 31.
Rc4 (31. Qxa4 Qd1+ 32. Kh2 (32. Kg2 Qxc2+ 33. Kf3 Rxe4 $1 $19) 32... Qxc2+ 33.
Kh3 Qd1 34. g4 (34. Kg2 Rc8 $19) 34... Qh1+ 35. Kg3 Rxe4 36. Qa5 Qg1+ 37. Kf3
Re8 $17) (31. Qxd6 Raxe4 32. Kg2 Re2+ 33. Rxe2 Qxe2+ 34. Kg1 Qe1+ 35. Kg2 Re2+
$19) 31... Rxc4 32. Qxc4 Rc8 $1 33. Qd3 $2 (33. Qf1 $1 Rc2 34. Rf3 Rc1 35. Qxc1
Qxf3) 33... Rc1+ 34. Kg2 (34. Kf2 Qh3 $19) 34... Qh5 35. e5 (35. Qxd6 Qe2+ 36.
Kh3 Rh1#) 35... Rd1 36. Qf3 Qh1+ 37. Kf2 (37. Kf2 Qg1+ 38. Ke2 Qe1#) 0-1